| 000 | 00426nam a22001697a 4500 | ||
|---|---|---|---|
| 003 | CEME | ||
| 005 | 20210628203119.0 | ||
| 008 | 210120b xxu||||| |||| 00| 0 eng d | ||
| 040 | _c, | ||
| 082 | _a297 MUH | ||
| 100 |
_aMuhmmad Amanat Rasool _963393 |
||
| 245 | _aMazhab insan key zarorat hai | ||
| 260 |
_aLAHORE _bTAHA _c2003 |
||
| 300 | _a276P | ||
| 650 |
_aISLAM-MAZHAB INSAN KEY ZARORAT HAI _963394 |
||
| 942 |
_cBK _2ddc |
||
| 999 |
_c572232 _d572232 |
||